000 00453nam a2200181Ia 4500
001 20202
005 20260306172749.0
008 260306t1988||||xx |||||||||||||| ||spa||
041 _aESP
082 _a343
_bC81 Nº 2
100 _aEguiguren Praeli, Francisco José
_eAUT
245 0 _aLecturas sobre temas constitucionales 2
260 _c1988
300 _a131 páginas :
_c21cm.
650 _aGEN
654 _aCDE
942 _cLIB
_dJUS
_fJUS
_2ddc
_n
999 _c20202
_d20202